La situación de los derechos humanos en el Perú

Zapisane w:
Opis bibliograficzny
1. autor: Diez Caseco C, Javier
Korporacja: IEPALA
Format: Texto
Wydane: Madrid: IEPALA
Etykiety: Dodaj etykietę
Nie ma etykietki, Dołącz pierwszą etykiete!

MARC

LEADER 00000 a a2200000 04500
001 22311
003
040 |a CRAI/IIS  |c CRAI/IIS 
090 |a 151600  
100 |a Diez Caseco C, Javier  
110 |a IEPALA  
245 |a La situación de los derechos humanos en el Perú  
260 |a Madrid:   |b IEPALA  
300 |a 26 p.  
999 |c 3924  |d 3924